|
|
|
|
| LEADER |
00000cam a2200000 7i4500 |
| 001 |
0000002723 |
| 005 |
20031216.0 |
| 020 |
0 |
0 |
|a 9832181402
|
| 090 |
0 |
0 |
|a 598.09595
|b ONG 2003
|
| 100 |
1 |
0 |
|a ONG
|h Teresa
|
| 245 |
1 |
0 |
|a Birds of FRIM
|c Teresa Ong
|
| 260 |
0 |
0 |
|a Kuala Lumpur :
|b Institut Penyelidikan Perhutanan Malaysia ,
|c 2003
|
| 300 |
|
|
|a 49 p. :
|b ill. ;
|c 21 cm.
|
| 440 |
0 |
0 |
|a Siri alam dan rimba; no. 6
|
| 500 |
0 |
0 |
|a Bibliography : p. 44
|
| 650 |
0 |
0 |
|a Birds
|z Malaysia
|x Pictorial works
|
| 650 |
0 |
0 |
|a Orthnithology
|z Malaysia
|x Pictorial works
|
| 710 |
1 |
1 |
|a Institut Penyelidikan Perhutanan Malaysia (FRIM)
|
| 998 |
|
|
|a JPSM
|
| 999 |
|
|
|a 0000004913
|b Monograph
|c Open Shelf
|e Default branch
|